000297441 001__ 297441
000297441 005__ 20240928180938.0
000297441 0247_ $$aG:(GEPRIS)338806005$$d338806005
000297441 035__ $$aG:(GEPRIS)338806005
000297441 040__ $$aGEPRIS$$chttp://gepris.its.kfa-juelich.de
000297441 150__ $$aAcoustic metamaterial-based energy harvesting of mechanical waves: Modeling, optimization and experiments$$y2017 - 2023
000297441 371__ $$aProfessor Dr.-Ing. Chuanzeng Zhang
000297441 450__ $$aDFG project G:(GEPRIS)338806005$$wd$$y2017 - 2023
000297441 5101_ $$0I:(DE-588b)2007744-0$$aDeutsche Forschungsgemeinschaft$$bDFG
000297441 680__ $$aAcoustic metamaterials (AMMs) are artificial periodic structures composed of small unit-cells which behave like a continuous material with unconventional effective properties. Acoustic and elastic waves in AMMs may show many anomalous phenomena, e.g. negative refraction, superlensing, cloaking and localization, and thus have many innovative and challenging engineering applications. Energy harvesters, which can collect the mechanical energy of propagating waves and convert it into electrical power, may be designed by introducing piezoelectric structures into AMM-based field concentrators. In the proposed project, AMM-based field concentrators for mechanical waves will be developed, and the piezoelectric energy harvesting of propagating acoustic/elastic waves in the field concentrators will be studied. The scientific objectives of the present research project are:  Design of the field concentrators for propagating mechanical waves (acoustic/elastic waves) by transformation acoustics/elastodynamics. Topology optimization for the unit-cell design based on the finite element method (FEM). Development of the analytical modeling and numerical simulation methods for calculating the electromechanical responses of the piezoelectric structures. Multi-field numerical simulations of the energy harvesting devices, manufacturing of the devices and measurements of the energy harvesting efficiency in the laboratory.
000297441 909CO $$ooai:juser.fz-juelich.de:964184$$pauthority$$pauthority:GRANT
000297441 909CO $$ooai:juser.fz-juelich.de:964184
000297441 980__ $$aG
000297441 980__ $$aAUTHORITY